<?xml version="1.0" encoding="UTF-8"?>
<record
    xmlns:xsi="http://www.w3.org/2001/XMLSchema-instance"
    xsi:schemaLocation="http://www.loc.gov/MARC21/slim http://www.loc.gov/standards/marcxml/schema/MARC21slim.xsd"
    xmlns="http://www.loc.gov/MARC21/slim">

  <leader>00695nam a2200205Ia 4500</leader>
  <controlfield tag="003">OSt</controlfield>
  <controlfield tag="005">20250207150229.0</controlfield>
  <controlfield tag="008">210707s1983    xx            000 0 und d</controlfield>
  <datafield tag="040" ind1=" " ind2=" ">
    <subfield code="c">AL</subfield>
  </datafield>
  <datafield tag="041" ind1=" " ind2=" ">
    <subfield code="a">hin</subfield>
  </datafield>
  <datafield tag="082" ind1=" " ind2=" ">
    <subfield code="a">H891.4 SHAR</subfield>
  </datafield>
  <datafield tag="100" ind1=" " ind2=" ">
    <subfield code="a">SHARM (Achary Devendrnath):</subfield>
    <subfield code="9">198391</subfield>
  </datafield>
  <datafield tag="110" ind1=" " ind2=" ">
    <subfield code="b">&#x936;&#x930;&#x94D;&#x92E; (&#x906;&#x91A;&#x93E;&#x930;&#x94D;&#x92F; &#x926;&#x947;&#x935;&#x947;&#x928;&#x94D;&#x926;&#x94D;&#x930;&#x928;&#x93E;&#x925;) </subfield>
    <subfield code="9">198392</subfield>
  </datafield>
  <datafield tag="245" ind1=" " ind2=" ">
    <subfield code="a">Rashtriybhasha hindi samasyayen aur samadhan:</subfield>
    <subfield code="b">&#x930;&#x93E;&#x937;&#x94D;&#x91F;&#x94D;&#x930;&#x940;&#x92F;&#x92D;&#x93E;&#x937;&#x93E; &#x939;&#x93F;&#x902;&#x926;&#x940; &#x938;&#x92E;&#x938;&#x94D;&#x92F;&#x93E;&#x90F;&#x902; &#x914;&#x930; &#x938;&#x92E;&#x93E;&#x927;&#x93E;&#x928; </subfield>
  </datafield>
  <datafield tag="260" ind1=" " ind2=" ">
    <subfield code="a">Ilahabad</subfield>
    <subfield code="b">Lokbharati Prakashan</subfield>
    <subfield code="c">1983</subfield>
  </datafield>
  <datafield tag="300" ind1=" " ind2=" ">
    <subfield code="a">210 p</subfield>
  </datafield>
  <datafield tag="563" ind1=" " ind2=" ">
    <subfield code="a">HB</subfield>
  </datafield>
  <datafield tag="650" ind1=" " ind2=" ">
    <subfield code="a">Hindi Prose</subfield>
    <subfield code="9">198393</subfield>
  </datafield>
  <datafield tag="942" ind1=" " ind2=" ">
    <subfield code="2">ddc</subfield>
    <subfield code="c">BK</subfield>
  </datafield>
  <datafield tag="999" ind1=" " ind2=" ">
    <subfield code="c">180332</subfield>
    <subfield code="d">180332</subfield>
  </datafield>
  <datafield tag="952" ind1=" " ind2=" ">
    <subfield code="0">0</subfield>
    <subfield code="1">0</subfield>
    <subfield code="2">ddc</subfield>
    <subfield code="4">0</subfield>
    <subfield code="7">0</subfield>
    <subfield code="8">HIN</subfield>
    <subfield code="a">AL</subfield>
    <subfield code="b">AL</subfield>
    <subfield code="d">2003-05-13</subfield>
    <subfield code="l">0</subfield>
    <subfield code="o">H891.4 SHAR</subfield>
    <subfield code="p">BB04342</subfield>
    <subfield code="r">2021-07-08 00:00:00</subfield>
    <subfield code="w">2021-07-08</subfield>
    <subfield code="y">BB</subfield>
  </datafield>
</record>
